| 000 | 01560cam a2200409 a 4500 | ||
|---|---|---|---|
| 999 |
_c129224 _d129224 |
||
| 001 | 4307429 | ||
| 003 | ARRUPE | ||
| 005 | 20190315094823.0 | ||
| 008 | 861010m19789999fr 000 0 fre | ||
| 010 | _a 86213823 | ||
| 020 | _a2020047667 (v. 1) | ||
| 040 |
_aDLC _beng _cDLC _dOCoLC _dDLC |
||
| 050 | 0 | 0 |
_aB22 _b.C28 1978 |
| 051 |
_aB22 _b.C28 1978 Copy 2 _cv. 1 only. Gift of Paul Avrich, Aug. 26, 1986. |
||
| 100 | 1 |
_aCastoriadis, Cornelius, _d1922-1997. _945259 |
|
| 245 | 1 | 4 |
_aLes carrefours du labyrinthe / _cCornelius Castoriadis. |
| 260 |
_aParis : _bSeuil, _cc1978-<c1999 > |
||
| 300 |
_a315p. ; _c21 cm. |
||
| 504 | _aIncludes bibliographical references. | ||
| 505 | 1 | _a[1. without special title] -- 2. Domaines de l'homme -- 3. Le monde morcelé -- 4. La montée de l'insignifiance -- 5. Les carrefours du labyrinthe -- 6. Figures du pensable. | |
| 650 | 0 |
_aPhilosophy. _945260 |
|
| 650 | 0 |
_aSocial sciences. _945261 |
|
| 650 | 0 |
_aPsychoanalysis. _945262 |
|
| 710 | 2 |
_aPaul Avrich Collection (Library of Congress) _5DLC _96852 |
|
| 830 | 0 |
_aCollection Esprit. _945263 |
|
| 830 | 0 |
_aCouleur des idées. _945264 |
|
| 906 |
_a7 _bcbc _corignew _d2 _encip _f19 _gy-gencatlg |
||
| 942 |
_2lcc _cMONOGRAPH |
||